00579nam a2200217Ia 4500008004100000020001800041050001700059050001400076100002800090245004600118245002700164250001600191260001600207260003400223260000900257300001600266300002000282300001100302500002000313650002800333180523s9999 xx 000 0 und d a0-13-235243-5 aMAIN HF 5718 b.R64 1998 aRoebuck, Deborah Britt. 0aImproving business communication skills / 0cDeborah Britt Roebuck. a2nd Edition aSingapore : bPearson Education South Asia, c1998 a270 pages : billustrations ; c28 cm. aIncludes index. aBusiness communication.